000 00766nam a2200265Ia 4500
003 OSt
005 20220928121305.0
006 a|||||r|||| 00| 0
007 ta
008 220927b |||||||| |||| 00| 0 eng d
020 _cEURO 179.99
024 _a143800
037 _b139, 13/03/2020, N.R.Book Distributors
_cTextual
040 _aSDCL
_cSDCL
_beng
041 _2eng
_aeng
082 _aI:6, Q6
100 _aAl-Khayri J. M.
_9451663
245 0 _aAdvances in plant breeding strategies
260 _aNew York
_b Springer
_c2016
300 _axii,707p.
_ccm.
490 _v2
650 _aPlant Molecular Biology
942 _hI:6, Q6
_cTEXL
_2CC
999 _c765702
_d765702